000 00965nam0a22002531 4500
001 rc\312271
005 20250621032337.0
035 _a(NLR Aleph) 005546946
090 _a5769775
_c5769775
100 _a20030307d1990 |||y0rusy50 ca
101 0 _arus
102 _aRU
105 _aa |||||||||
200 1 _aБиология бакуловирусов и вирусов цитоплазматического полиэдроза
_eДис. на соиск. учен. степ. д. б. н. в форме науч. докл.
_fАМН СССР. Ин-т вирусологии им. Д.И. Ивановского
210 _aМ.
_cБ. и.
_d1990
215 _a47 с.
_cил.
320 _aСписок работ авт.: с. 41-47
333 _aДСП. Экз. № 000007
700 1 _aЧухрий
_bМ.Г.
_gМирча Григорьевич
801 0 _aRU
_bNLR
_gpsbo
801 1 _aRU
_bELAR
_2rusmarc
852 _aNLR
_j91-50К/1425
942 _cBOOK
980 _aNB